000 00756nam a2200181 4500
999 _c17415
_d17415
008 221012b ||||| |||| 00| 0 eng d
020 _a9786214182503
082 _22022
_aDFil 364.09599
_bG939
100 _aGuevara, Ricardo M.
_946345
245 _aPrimer to the Philippine criminal justice system /
_cRicardo M. Guevara, Mario Ritchie Hibionada and Felix Lor Valdueza.
260 _aQuezon City :
_bWiseman's Books Trading, Inc.,
_c©2022
300 _aviii, 153 pages :
_billustrations ;
_c22 cm.
650 _aCriminal justice
_zPhilippines.
_92625
650 _aCriminal justice, administration
_zPhilippines.
_92626
700 _aHibionada, Mario Ritchie.
_eauthor.
_946346
700 _aValdueza, Felix Lor.
_eauthor.
_946347
942 _2ddc
_cDFIL